|
|
|
|
| LEADER |
01205nam a2200229 a 4500 |
| 001 |
GR-MES3629 |
| 008 |
991111s1990 gr 000 0 gre d |
| 040 |
|
|
|a GrPaTEI
|b gre
|c GR-PaULI
|
| 245 |
0 |
0 |
|a Καινοτομικό κεφάλαιο :
|b πλαίσιο εξέλιξη και στόχοι.
|
| 260 |
|
|
|a Αθήνα :
|b Ελληνικό κέντρο παραγωγικότητας,
|c 1990
|
| 300 |
|
|
|a 82σελ.
|
| 500 |
|
|
|a Μελέτη του Ο.Ο.Σ.Α.
|
| 650 |
|
4 |
|a Κεφάλαιο
|
| 650 |
|
4 |
|a Οικονομία
|
| 650 |
|
4 |
|a ΧΡΗΜΑΤΟΔΟΤΗΣΗ
|
| 710 |
0 |
|
|a Ελληνικό κέντρο παραγωγικότητας
|
| 710 |
2 |
|
|a Ελληνικό Κέντρο Παραγωγικότητας
|
| 942 |
|
|
|2 ddc
|
| 952 |
|
|
|0 0
|1 0
|2 ddc
|4 0
|6 332_041000000000000_ΕΛΛ
|7 0
|9 268248
|a MSLG
|b MSLG
|c BSC
|d 2021-01-17
|e 24
|f 0
|g 0.00
|l 0
|o 332.041 ΕΛΛ
|p 2420000002050
|r 2021-01-17 00:00:00
|t 1
|w 2021-01-17
|y BK15
|x 19991111 0 1
|x GrPaTEI
|
| 952 |
|
|
|0 0
|1 0
|2 ddc
|4 0
|6 332_041000000000000_ΕΛΛ
|7 0
|9 268249
|a MSLG
|b MSLG
|c BSC
|d 2021-01-17
|e 24
|f 0
|g 0.00
|l 0
|o 332.041 ΕΛΛ
|p 2420000002051
|r 2021-01-17 00:00:00
|t 1
|w 2021-01-17
|y BK15
|x 20050107 0 1
|x GrPaTEI
|
| 971 |
|
|
|a .b25746741
|b 16-04-20
|c 13-09-16
|
| 999 |
|
|
|c 154527
|d 154527
|